Deutsch-Österreichiche Vokablen - Statistiken

Allgemein
  • Dieses Quiz wurde 53 mal gespielt
  • Das Durchschnittsergebnis liegt bei 11 aus 25
Antwortstatistiken
Hint Antwort % Korrekt
Brötchen Semmel
88%
Januar Jänner
82%
Kartoffel Erdapfel
72%
Ohrfeige Watschen
64%
dieses Jahr heuer
54%
Sahne Obers
54%
Quark Topfen
52%
Aufkleber, Vignette Pickerl
48%
Deutscher (ugs. abw.) Piefke
48%
Tüte, Tasche Sackerl
46%
cool, toll, großartig leiwand
44%
Geldautomat Bankomat
42%
arbeiten hackeln
40%
hässlich schiach
40%
T-Shirt Leiberl
38%
Weinschorle Spritzer
38%
Imbiss, Snack Jause
34%
Pfifferlinge Eierschwammerl
32%
Lappen, Putzlappen Fetzen
32%
Kneipe Beisl
28%
Polizist (ugs.) Kiwara
24%
Kumpel, Liebhaber Haberer
16%
Dusche Brause
14%
0,5 Liter Bier Krügerl
12%
Käsekreiner Eitriger
10%
Keine übereinstimmenden Quizze gefunden
Verteilung der Resultate
Anzahl Personen mit jedem Resultat
Perzentil nach korrekt beantworteten Fragen
Ihre Resultats-Entwicklung
Sie haben dieses Quiz noch nicht gespielt